000 00389nam a2200157 a 4500
008 960411s1976||||xx 0 slo c
040 _aSNK
_bslo
_cSNK
_eAACR2
041 1 _aslo
100 1 _aMindoš, Ivan
_4aut
245 1 0 _aTokajík
_cIvan Mindoš
250 _a3., vyd.
260 _aKošice
_bVýchodoslovenské vydavateľstvo
_c1976
020 _c20
044 _axo
_cSK
958 _aE
999 _c19876
_d19876